Partits judicials del Regne de Valéncia en un mapa - Statistics

General Stats
  • This quiz has been taken 10 times
  • The average score is 8 of 13
Answers on the Map
Answers color-coded by a green-red scale on the quiz's map according to % correct below.
 
Answer Stats
Answer % Correct
Alacant
100%
Castelló
100%
Valéncia
100%
Oriola
89%
Sant Feliu
78%
Alcoi
67%
Dénia
67%
Morella
67%
Alzira
56%
Penyíscola
33%
Xixona
33%
Cofrents
22%
Montesa
11%
No matching quizzes found
Score Distribution
Percent of People with Each Score
Percentile by Number Answered
Your Score History
You have not taken this quiz